| 000 | 00444nam a2200157 a 4500 | ||
|---|---|---|---|
| 005 | 20140412111314.0 | ||
| 008 | 010416s19uu xx 00 eng d | ||
| 020 | _a0-395-42530-1 | ||
| 050 |
_aREF 423 _bK92 1986 |
||
| 100 | _aKrensky, Stephen | ||
| 245 |
_aThe American heritage first dictionary / _cStephen Krensky. |
||
| 260 |
_aBoston : _bHoughton Mifflin Company, _c1986. |
||
| 300 | _aA17p ; 340p. | ||
| 650 | _aTitle. | ||
| 999 |
_c104140 _d104140 |
||